[Event "OKU Open A 2013"]
[Site "Maarssen NED"]
[Date "2013.06.01"]
[Round "3.1"]
[White "Andersson,U"]
[Black "Von Meijenfeldt,Bart"]
[Result "1-0"]
[WhiteElo "2557"]
[BlackElo "2167"]

1.Nf3 Nf6 2.c4 g6 3.g3 Bg7 4.Bg2 O-O 5.d4 d6 6.Nc3 Nc6 7.O-O a6 8.d5 Na5
9.b3 c5 10.dxc6 Nxc6 11.Bb2 Bf5 12.Qd2 Qa5 13.Rfd1 Ne4 14.Nxe4 Qxd2 15.Rxd2 Bxb2
16.Rxb2 Bxe4 17.Ne1 Bxg2 18.Kxg2 f5 19.Rd1 f4 20.Nf3 fxg3 21.hxg3 Rf5 22.e3 Raf8
23.Nd4 Nxd4 24.exd4 Rc8 25.Re2 Kf7 26.g4 Rf4 27.Kg3 g5 28.f3 b5 29.Rh2 Kg7
30.c5 dxc5 31.Rdh1 cxd4 32.Rxh7+ Kf6 33.R1h6+ Ke5 34.Rxe7+ Kd5 35.Rg7  1-0

[Event "OKU Open A 2013"]
[Site "Maarssen NED"]
[Date "2013.06.02"]
[Round "5.2"]
[White "Guliyev,N"]
[Black "Andersson,U"]
[Result "1/2-1/2"]
[WhiteElo "2550"]
[BlackElo "2557"]

1.e4 e6 2.d4 d5 3.Nc3 Nf6 4.e5 Nfd7 5.f4 c5 6.Nf3 Nc6 7.Be3 cxd4 8.Nxd4 Bc5
9.Qd2 Nxd4 10.Bxd4 Bxd4 11.Qxd4 Qb6 12.Nb5 Qxd4 13.Nxd4 Ke7 14.Kd2 Nb8 15.Bd3 Nc6
16.c3 Nxd4 17.cxd4 Bd7 18.Rac1 Rac8 19.h4 h5 20.b3 f5 21.exf6+ gxf6 22.Rxc8 Rxc8
23.Be2 Rg8 24.Rg1 Rh8 25.Bf3 Kd6 26.Rc1 Bc6 27.Rc3 Rh7 28.Re3 Be8 29.Rc3 Bg6
30.Ke3 Rh8 31.b4 a6 32.a4 Rg8 33.g3 Bf5 34.Kf2 Rh8 35.a5 Be4 36.Rc5 Bxf3
37.Kxf3 f5 38.Ke2 Kd7 39.Kd2 Rg8 40.Rc3 Rc8 41.Rxc8 Kxc8 42.Kc3 Kc7 43.Kb3 Kc6
44.Ka4 b6 45.b5+ axb5+ 46.Kb4 bxa5+ 47.Kxa5 b4 48.Kxb4 Kb6 49.Ka4  1/2-1/2

[Event "17th OIBM 2013"]
[Site "Bad Wiessee GER"]
[Date "2013.10.26"]
[Round "1.18"]
[White "Pohle,Reinhold"]
[Black "Andersson,U"]
[Result "0-1"]
[WhiteElo "2003"]
[BlackElo "2554"]

1.e4 c5 2.d4 cxd4 3.c3 Nf6 4.e5 Nd5 5.Nf3 Nc6 6.cxd4 d6 7.exd6 Qxd6 8.Nc3 e6
9.Be2 Be7 10.O-O O-O 11.Ne4 Qc7 12.a3 Rd8 13.Qc2 Bd7 14.Bg5 Be8 15.Rac1 Rac8
16.Qd2 Bxg5 17.Nexg5 h6 18.Ne4 Qf4 19.Qxf4 Nxf4 20.Ng3 Nxd4 21.Nxd4 Rxc1
22.Rxc1 Rxd4 23.Bf3 Bc6 24.Bxc6 bxc6 25.h3 Rd6 26.Rc4 g5 27.Ne4 Rd1+ 28.Kh2 f5
29.g3 Nd3 30.Nc3 Rd2 31.Rxc6 Nxf2 32.Rxe6 Rxb2 33.h4 Ne4+  0-1

[Event "17th OIBM 2013"]
[Site "Bad Wiessee GER"]
[Date "2013.10.26"]
[Round "2.13"]
[White "Andersson,U"]
[Black "Prueske,W"]
[Result "1-0"]
[WhiteElo "2554"]
[BlackElo "2132"]

1.Nf3 d5 2.d4 Nc6 3.c4 Bg4 4.Nc3 e6 5.Bf4 Bb4 6.e3 Nge7 7.Rc1 O-O 8.h3 Bxf3
9.Qxf3 Ng6 10.cxd5 exd5 11.Bd3 Nxf4 12.Qxf4 Ne7 13.O-O c6 14.e4 Ng6 15.Qg4 dxe4
16.Qxe4 Qd7 17.d5 Bxc3 18.dxc6 bxc6 19.Rxc3 Rab8 20.b3 Rfd8 21.Rfc1 c5 22.Bf1 Qd4
23.Qc2 Nf4 24.Rxc5 Ne6 25.Rc4 Qf6 26.Qc3 Qg5 27.Rg4 Qh6 28.Bc4 Rbc8 29.Re1 Nf4
30.Qe3 Ng6 31.Qxa7 Rf8 32.Qe3  1-0

[Event "17th OIBM 2013"]
[Site "Bad Wiessee GER"]
[Date "2013.10.27"]
[Round "3.11"]
[White "Heimrath,R"]
[Black "Andersson,U"]
[Result "1/2-1/2"]
[WhiteElo "2266"]
[BlackElo "2554"]

1.e4 c5 2.Nf3 d6 3.d4 cxd4 4.Nxd4 Nf6 5.Nc3 Nc6 6.Bg5 e6 7.Qd2 a6 8.O-O-O Bd7
9.f4 h6 10.Bh4 g5 11.fxg5 Ng4 12.Be2 Nge5 13.Rhf1 Be7 14.Kb1 hxg5 15.Bg3 Qa5
16.Nb3 Qc7 17.h3 Rc8 18.Rf2 Rh7  1/2-1/2

[Event "17th OIBM 2013"]
[Site "Bad Wiessee GER"]
[Date "2013.10.28"]
[Round "4.21"]
[White "Andersson,U"]
[Black "Jahnz,F"]
[Result "1/2-1/2"]
[WhiteElo "2554"]
[BlackElo "2226"]

1.Nf3 d5 2.d4 Nf6 3.c4 dxc4 4.e3 Bg4 5.h3 Bh5 6.Bxc4 e6 7.O-O a6 8.b3 Nc6
9.Bb2 Bd6 10.Be2 O-O 11.Nbd2 Qe8 12.Rc1 Rd8 13.Nh4 Bxe2 14.Qxe2 e5 15.Nf5 exd4
16.Nxd4 Nxd4 17.Bxd4 Bh2+ 18.Kxh2 Rxd4 19.Nf3 Rd7 20.Rfd1 Rxd1 21.Rxd1 Qe7
22.Qd3 g6 23.Kg1 Rc8 24.Qd5 c5 25.Qe5 Qxe5 26.Nxe5 Kf8 27.a4 Ke7 28.a5 Rc7
29.Kf1 Ke6 30.Nc4 Rd7 31.Ke2 Rxd1 32.Kxd1 Ne4 33.f3 Nd6 34.Kd2 Nf5 35.g4 Ne7
36.Kd3 Nc6 37.f4 h6 38.g5 h5 39.Kd2 Ne7 40.e4 Nc6 41.Ke3 Nd4 42.Nd2  1/2-1/2

[Event "17th OIBM 2013"]
[Site "Bad Wiessee GER"]
[Date "2013.10.29"]
[Round "5.21"]
[White "Jelica,M"]
[Black "Andersson,U"]
[Result "1/2-1/2"]
[WhiteElo "2252"]
[BlackElo "2554"]

1.e4 c5 2.Nf3 Nc6 3.d4 cxd4 4.Nxd4 Nf6 5.Nc3 d6 6.Be2 g6 7.O-O Bg7 8.Be3 O-O
9.Kh1 Bd7 10.Nb3 a5 11.a4 Nb4 12.Nd4 Bc6 13.f3 e5 14.Ndb5 d5 15.Bc5 Re8 16.Bxb4 axb4
17.Nxd5 Nxd5 18.exd5 Bxd5 19.Qd2 Bf8 20.Rad1 Bc6 21.Qe3 Qe7 22.b3 Red8 23.Bd3 Qc5
24.Qxc5 Bxc5 25.Rde1 Bxb5 26.Bxb5 Bd4 27.Bd3 b6 28.f4 f6 29.fxe5 Bxe5 30.Re4 Rd4
31.Rxd4 Bxd4 32.Re1 Kf8 33.g3 Re8 34.Rxe8+ Kxe8 35.Kg2 f5 36.Kf3 Ke7 37.h3 Kf6
38.g4  1/2-1/2

[Event "17th OIBM 2013"]
[Site "Bad Wiessee GER"]
[Date "2013.10.30"]
[Round "6.27"]
[White "Andersson,U"]
[Black "Ehrke,M"]
[Result "1-0"]
[WhiteElo "2554"]
[BlackElo "2205"]

1.d4 d5 2.c4 c6 3.Nf3 Nf6 4.Qb3 dxc4 5.Qxc4 Bg4 6.Nbd2 Nbd7 7.g3 e6 8.Bg2 Be7
9.O-O Qa5 10.h3 Bh5 11.Qb3 Qb6 12.Nc4 Qxb3 13.axb3 Bb4 14.Bf4 O-O 15.Na5 Bxa5
16.Rxa5 Bg6 17.Nd2 Rfd8 18.Rfa1 a6 19.e4 Rac8 20.Be3 c5 21.dxc5 Nxc5 22.e5 Nfe4
23.b4 b6 24.bxc5 bxa5 25.Nc4 Rxc5 26.Bxc5 Nxc5 27.Rxa5 Rc8 28.Nd6 Rc7 29.b4 Nb3
30.Rxa6 h6 31.b5 Rc1+ 32.Kh2 Bd3 33.Ra3 Nc5 34.b6 Ba6 35.b7 Rb1  1-0

[Event "17th OIBM 2013"]
[Site "Bad Wiessee GER"]
[Date "2013.10.31"]
[Round "7.17"]
[White "Frick,C"]
[Black "Andersson,U"]
[Result "0-1"]
[WhiteElo "2254"]
[BlackElo "2554"]

1.e4 c5 2.Nc3 Nc6 3.g3 g6 4.Bg2 Bg7 5.d3 d6 6.Nh3 e5 7.O-O Nge7 8.f4 exf4
9.gxf4 f5 10.Be3 h6 11.Bf2 Be6 12.Bh4 Qd7 13.Nf2 O-O 14.Qd2 Rf7 15.Rae1 Raf8
16.Nd5 Kh7 17.c3 Ng8 18.Nd1 Nce7 19.N1e3 fxe4 20.dxe4 Nxd5 21.Nxd5 Nf6 22.Bxf6 Bxf6
23.f5 Bxd5 24.fxg6+ Kxg6 25.Qxd5 Be5 26.Rf5 Kg7 27.Bh3 Rxf5 28.exf5 Qf7 29.Qe6 Qh5
30.Re4 Kh8 31.Rxe5 Qg5+ 32.Kf2 Qf4+ 33.Kg1 dxe5  0-1

[Event "17th OIBM 2013"]
[Site "Bad Wiessee GER"]
[Date "2013.11.01"]
[Round "8.11"]
[White "Andersson,U"]
[Black "Bellia,F"]
[Result "1/2-1/2"]
[WhiteElo "2554"]
[BlackElo "2421"]

1.Nf3 d5 2.d4 Nf6 3.c4 e6 4.g3 dxc4 5.Qa4+ Nbd7 6.Bg2 a6 7.Nc3 Rb8 8.Qxc4 b5
9.Qd3 Bb7 10.O-O c5 11.dxc5 Bxc5 12.Bf4 Rc8 13.Rad1 O-O 14.Ne5 Bxg2 15.Kxg2 Nxe5
16.Bxe5 Be7 17.Qf3 Qb6 18.Rd2 b4 19.Na4 Qa5 20.Bxf6 Bxf6 21.b3 Rfd8 22.Rfd1 Rxd2
23.Rxd2 h6 24.h4 Qb5 25.Qe4 Qc6 26.Qxc6 Rxc6  1/2-1/2

[Event "Basel Master Open 2014"]
[Site "Basel SUI"]
[Date "2014.01.02"]
[Round "2.13"]
[White "Yankelevich,L"]
[Black "Andersson,U"]
[Result "0-1"]
[WhiteElo "2250"]
[BlackElo "2545"]

1.e4 e6 2.d4 d5 3.Nc3 Bb4 4.exd5 exd5 5.Bd3 Nf6 6.Ne2 Nbd7 7.O-O O-O 8.Nf4 c6
9.Nce2 Re8 10.Ng3 Nf8 11.c3 Bd6 12.Qc2 Bd7 13.h3 Rc8 14.Bd2 Ng6 15.Nfe2 c5
16.dxc5 Bxc5 17.Rae1 Ne5 18.Bf5 Bxf5 19.Qxf5 g6 20.Qb1 Ne4 21.Bf4 Nc4 22.Nxe4 dxe4
23.Ng3 e3 24.Rd1 Qh4 25.fxe3 Bxe3+ 26.Bxe3 Nxe3 27.Nh1 Nxf1 28.Rxf1 Rcd8
29.Qc2 Re1 30.Nf2 Rxf1+ 31.Kxf1 Qf4 32.Ke2 Re8+ 33.Kd1 Re6 34.Qd2 Rd6 35.Nd3 Qc4
36.Kc2 Qxa2 37.Qf4 Qd5 38.Qe3 Qxg2+ 39.Kb1 Qd5 40.Qe8+ Kg7  0-1

[Event "Gibraltar Masters 2014"]
[Site "Caleta ENG"]
[Date "2014.01.28"]
[Round "1.42"]
[White "Andersson,U"]
[Black "Lercel,M"]
[Result "1-0"]
[WhiteElo "2545"]
[BlackElo "2150"]

1.Nf3 Nf6 2.c4 e6 3.g3 b6 4.Bg2 Bb7 5.O-O c5 6.Nc3 Be7 7.d4 d5 8.Ne5 O-O
9.Bg5 Na6 10.e3 Ne4 11.Bxe7 Qxe7 12.cxd5 exd5 13.Re1 Rad8 14.Qa4 Qe6 15.Rad1 Rfe8
16.a3 Qf5 17.Nd3 Qd7 18.Qxd7 Rxd7 19.dxc5 bxc5 20.Bxe4 dxe4 21.Ne5 Rdd8 22.Nc4 Kf8
23.Nd6 Re7 24.Nxb7 Rxd1 25.Rxd1 Rxb7 26.Rd6 Nb8 27.Nxe4 Rxb2 28.Nxc5 Ke7
29.Rd3 Rc2 30.Nb3 Nd7 31.Nd4 Rc1+ 32.Kg2 Nc5 33.Rd2 Ra1 34.Rc2 Ne6 35.Nxe6 Kxe6
36.Rc6+  1-0

[Event "Gibraltar Masters 2014"]
[Site "Caleta ENG"]
[Date "2014.01.29"]
[Round "2.36"]
[White "Ben Artzi,I"]
[Black "Andersson,U"]
[Result "1/2-1/2"]
[WhiteElo "2344"]
[BlackElo "2545"]

1.d4 Nf6 2.c4 e6 3.Nc3 Bb4 4.e3 c5 5.Bd3 d5 6.Nf3 O-O 7.O-O dxc4 8.Bxc4 b6
9.Qe2 Bb7 10.Rd1 cxd4 11.Nb5 Nc6 12.Nbxd4 Qb8 13.a3 Nxd4 14.exd4 Be7 15.Ne5 Qd8
16.Bf4 Nd5 17.Bg3 Bh4 18.Rac1 Bxg3 19.hxg3 Rc8 20.Rc2 Qd6 21.Bd3 Rxc2 22.Qxc2 Nf6
23.Qa4 Qc7 24.Nc4 Be4 25.Bxe4 Nxe4 26.d5 exd5 27.Ne3 Nf6 28.Nxd5 Nxd5 29.Rxd5 g6
30.Qd4 Qc1+ 31.Kh2 Qh6+ 32.Kg1 Qc1+ 33.Kh2 Qh6+ 34.Kg1 Qc1+  1/2-1/2

[Event "Gibraltar Masters 2014"]
[Site "Caleta ENG"]
[Date "2014.01.30"]
[Round "3.35"]
[White "Andersson,U"]
[Black "Bellin,R"]
[Result "1/2-1/2"]
[WhiteElo "2545"]
[BlackElo "2337"]

1.Nf3 e6 2.g3 f5 3.Bg2 Nf6 4.O-O Be7 5.d4 O-O 6.c4 d6 7.Nc3 a5 8.a3 Qe8 9.Re1 Qg6
10.Qc2 Ne4 11.Be3 Nxc3 12.Qxc3 a4 13.c5 d5 14.Bf4 Bd8 15.Ne5 Qe8 16.Qd2 Nc6
17.Nxc6 bxc6 18.Reb1 Qd7 19.b3 axb3 20.Rxb3 Ba6 21.a4 Bf6 22.Bf1 Qe7 23.Qe3 g5
24.Be5 Qg7 25.Bxf6 Qxf6 26.f4 h6 27.Qf2 Ra7 28.e3 Bxf1 29.Kxf1 Rfa8 30.Rb4 g4
31.Qb2 Qd8 32.Rb7 Qc8 33.Rxa7 Rxa7 34.a5 Qa6+ 35.Qe2 Kf7 36.Qxa6 Rxa6 37.Ke2 Ke7
38.Kd3 Kd7 39.Kc3 Kc8 40.h3 gxh3 41.Rh1 Rxa5 42.Rxh3 Ra2 43.Rxh6 Kd7 44.Rh7+ Kd8
45.Rg7 Rg2 46.Kd3 Rh2 47.g4 fxg4 48.Rxg4 Ra2 49.Rg6 Kd7 50.Rh6 Rf2 51.Rh1 Ra2
52.Rf1 Ke7 53.f5 Ra3+ 54.Ke2 Ra2+ 55.Kf3 exf5 56.Rh1 Kd7 57.Rh5 Kc8 58.Rxf5 Rd2
59.Rf8+ Kd7 60.Rf7+ Kd8 61.Rh7 Rd1 62.Rh3 Rf1+ 63.Kg4 Rf7 64.Rh5 Ke7  1/2-1/2

[Event "Gibraltar Masters 2014"]
[Site "Caleta ENG"]
[Date "2014.01.31"]
[Round "4.31"]
[White "Wemmers,X"]
[Black "Andersson,U"]
[Result "1/2-1/2"]
[WhiteElo "2348"]
[BlackElo "2545"]

1.d4 Nf6 2.c4 e6 3.Nc3 Bb4 4.e3 d5 5.a3 Be7 6.cxd5 exd5 7.Bd3 O-O 8.Nge2 c5
9.O-O Nc6 10.Bc2 a6 11.Nf4 cxd4 12.exd4 Be6 13.Re1 Qd7 14.Qd3 g6 15.Nxe6 fxe6
16.Na4 Qd6 17.f3 b5 18.Nc5 Nxd4 19.b4 e5 20.Bb2 Nxc2 21.Qxc2 d4 22.Qb3+ Rf7
23.Rad1 Re8 24.f4 Bf8 25.fxe5 Rxe5 26.Rxe5 Qxe5 27.Bxd4 Qd5 28.Qxd5 Nxd5
29.Nxa6 Nf4 30.Re1 Rd7  1/2-1/2

[Event "Gibraltar Masters 2014"]
[Site "Caleta ENG"]
[Date "2014.02.01"]
[Round "5.37"]
[White "Andersson,U"]
[Black "Milliet,S"]
[Result "1/2-1/2"]
[WhiteElo "2545"]
[BlackElo "2391"]

1.Nf3 Nf6 2.c4 b6 3.g3 Bb7 4.Bg2 c5 5.O-O g6 6.b3 Bg7 7.Bb2 O-O 8.Nc3 Na6
9.Rc1 d5 10.Nxd5 Nxd5 11.Bxg7 Kxg7 12.cxd5 Qxd5 13.d4 Rfd8 14.dxc5 Nxc5 15.Qxd5 Bxd5
16.Rfd1 a5 17.Ne5 Bxg2 18.Kxg2 Rxd1 19.Rxd1 f6 20.Nd3 a4 21.Nxc5 bxc5 22.Rd5 axb3
23.axb3 Rb8 24.Rxc5 Rxb3 25.g4 Rb2 26.e3 g5 27.Rd5 Ra2 28.Rc5 Rb2 29.Rd5 Ra2
30.Rc5 Rb2  1/2-1/2

[Event "Gibraltar Masters 2014"]
[Site "Caleta ENG"]
[Date "2014.02.02"]
[Round "6.30"]
[White "Bellon Lopez,JuM"]
[Black "Andersson,U"]
[Result "1/2-1/2"]
[WhiteElo "2383"]
[BlackElo "2545"]

1.d4 e6 2.Nf3 c5 3.e3 Nf6 4.Bd3 b6 5.O-O Bb7 6.c4 Be7 7.b3 O-O 8.Bb2 cxd4
9.exd4 d6 10.Nbd2 Nbd7 11.Qe2 Re8 12.Ng5 Bf8 13.f4 g6 14.Nde4 Nxe4 15.Bxe4 Bxe4
16.Nxe4 d5 17.Ng5 Nf6 18.Rac1 Rc8 19.g3 Rc7 20.Kg2 dxc4 21.bxc4 Bg7 22.Rc2 Qa8+
23.Qf3 Qxf3+ 24.Kxf3 Rd8 25.Rfc1 Kf8 26.d5 exd5 27.Bxf6 Bxf6 28.Nxh7+ Kg7
29.Nxf6 Kxf6 30.cxd5 Rxc2 31.Rxc2 Rxd5  1/2-1/2

[Event "Gibraltar Masters 2014"]
[Site "Caleta ENG"]
[Date "2014.02.03"]
[Round "7.39"]
[White "Andersson,U"]
[Black "Quintin Navarro,A"]
[Result "1-0"]
[WhiteElo "2545"]
[BlackElo "2320"]

1.Nf3 Nf6 2.c4 e6 3.g3 d5 4.d4 dxc4 5.Qa4+ c6 6.Qxc4 b5 7.Qd3 Bb7 8.Bg2 Nbd7
9.O-O a6 10.Be3 c5 11.dxc5 Bxc5 12.Nbd2 O-O 13.Nb3 Bxe3 14.Qxe3 Rc8 15.Rfc1 Rxc1+
16.Rxc1 Qa8 17.Nc5 Nxc5 18.Rxc5 Bd5 19.Ne1 Bxg2 20.Nxg2 Rc8 21.Nf4 Rxc5 22.Qxc5 h6
23.f3 Qd8 24.Nd3 Qa5 25.Qc8+ Kh7 26.Qc2 Kg8 27.b4 Qd8 28.Qc5 Nd5 29.Qd4 Qc7
30.Nc5 a5 31.a3 axb4 32.axb4 Nb6 33.Kf2 Nc4 34.Nd3 Qe7 35.h4 Qc7 36.Nc5 Nd6
37.Qe5 Qb6 38.Kg2 Nc4 39.Qd4 Qc7 40.Nd3 Qe7 41.Kf2 Qc7 42.Qc5 Qd7 43.Ne5 Nxe5
44.Qxe5 Qb7 45.Qc5 Qd7 46.g4 Qb7 47.Kg2 Qd7 48.g5 hxg5 49.hxg5 g6 50.Kf2 Kh7
51.Ke3 Kg8 52.Ke4 Qb7+ 53.Ke5 Qb8+ 54.Qd6 Qc8 55.Kf6 Qf8 56.Qxf8+ Kxf8 57.f4 Ke8
58.Ke5 Kd7 59.e3 Ke7 60.e4 f6+ 61.gxf6+ Kf7 62.Kd6 Kxf6 63.e5+ Kf5 64.Ke7 Kxf4
65.Kxe6 g5 66.Kd5  1-0

[Event "Gibraltar Masters 2014"]
[Site "Caleta ENG"]
[Date "2014.02.04"]
[Round "8.31"]
[White "Guo Qi"]
[Black "Andersson,U"]
[Result "1/2-1/2"]
[WhiteElo "2451"]
[BlackElo "2545"]

1.d4 Nf6 2.Nf3 e6 3.c4 b6 4.g3 Bb7 5.Bg2 Bb4+ 6.Bd2 Bxd2+ 7.Qxd2 O-O 8.O-O d6
9.Nc3 Ne4 10.Nxe4 Bxe4 11.Qf4 Bb7 12.e4 Nd7 13.Rfe1 Qe7 14.d5 e5 15.Qe3 c5
16.a3 g6 17.b4 Rae8 18.Rab1 Bc8 19.Qh6 f5 20.exf5 gxf5 21.Qg5+ Qxg5 22.Nxg5 Nf6
23.f4 exf4 24.gxf4 Rxe1+ 25.Rxe1 Re8 26.Rxe8+ Nxe8 27.bxc5 bxc5 28.Bf1 h6
29.Nf3 Kf7 30.Bd3 Kf6 31.Kf2 Bd7 32.Ke3 Nc7 33.Nd2 Ba4 34.Nf1 Bd7 35.Bc2 Ne8
36.Nd2 Ke7 37.Kf3 Ng7 38.Nb1 Kd8 39.Nc3 a6 40.h3 Ke7 41.Ne2 Kf6 42.Nc3 Ke7
43.Ne2  1/2-1/2

[Event "Gibraltar Masters 2014"]
[Site "Caleta ENG"]
[Date "2014.02.05"]
[Round "9.27"]
[White "Andersson,U"]
[Black "Georgiadis,N"]
[Result "1/2-1/2"]
[WhiteElo "2545"]
[BlackElo "2436"]

1.Nf3 d5 2.d4 Nf6 3.c4 e6 4.g3 Bb4+ 5.Bd2 Be7 6.Bg2 O-O 7.O-O c6 8.Qb3 Nbd7
9.Bb4 b6 10.Bxe7 Qxe7 11.Nc3 a5 12.cxd5 cxd5 13.Rfc1 Ba6 14.e3 Rfc8 15.Bf1 Bxf1
16.Kxf1 Rc6 17.Ne2 Rac8 18.Rxc6 Rxc6 19.Rc1 Rxc1+ 20.Nxc1 Qd6 21.Qc2 Ne8
22.Ke2 Qc7 23.Qxc7 Nxc7 24.Ne5 Nb8 25.Kd2 f6 26.Ned3 Kf7 27.f3 Nb5 28.Ne2 Nc6
29.Nc3 Nd6 30.b3 g5 31.g4 Ke7 32.Ne1 Ne8 33.Nc2 Nc7 34.Na3 Kd7 35.Nab5 Nxb5
36.Nxb5 Ne7 37.e4 Kc6 38.Nc3 Ng6 39.Ke3 Kd6 40.Nb5+ Kc6 41.Nc3 Kd6 42.Ne2 Ne7
43.Nc3 Ng6  1/2-1/2

[Event "Gibraltar Masters 2014"]
[Site "Caleta ENG"]
[Date "2014.02.06"]
[Round "10.29"]
[White "Trent,L"]
[Black "Andersson,U"]
[Result "1/2-1/2"]
[WhiteElo "2424"]
[BlackElo "2545"]

1.e4 e6 2.d4 d5 3.Nd2 c5 4.Ngf3 Nc6 5.exd5 exd5 6.Bb5 Bd6 7.dxc5 Bxc5 8.O-O Ne7
9.Nb3 Bd6 10.Re1 O-O 11.Bd3 h6 12.h3 Nb4 13.Bf1 Bf5 14.Nbd4 Bg6 15.a3 Nbc6
16.Bd3 Rc8 17.Bxg6 Nxg6 18.Nf5 Bb8 19.Qd3 Qd7 20.c3 Nce5 21.Nxe5 Nxe5 22.Qb1 Rfe8
23.Rd1 Rcd8 24.Qc2 Qc7 25.Ne3 Nc6 26.Nf1 d4 27.Bd2 a6 28.cxd4 Nxd4 29.Qxc7 Bxc7
30.Be3 Be5  1/2-1/2

[Event "18th OIBM 2014"]
[Site "Bad Wiessee GER"]
[Date "2014.10.25"]
[Round "1.27"]
[White "Andersson,U"]
[Black "Gaertner,M"]
[Result "1-0"]
[WhiteElo "2520"]
[BlackElo "1977"]

1.Nf3 Nf6 2.c4 g6 3.g3 Bg7 4.Bg2 d6 5.Nc3 O-O 6.d4 c6 7.O-O Nbd7 8.d5 cxd5
9.cxd5 Nc5 10.Nd4 Qb6 11.Nb3 Bd7 12.Nxc5 Qxc5 13.Qb3 Qa5 14.Bd2 Qa6 15.Rfc1 Rac8
16.a4 b6 17.h3 Rfd8 18.Nb5 Qb7 19.Be3 Bxb5 20.Qxb5 Nd7 21.Rc6 Ne5 22.a5 Nxc6
23.dxc6 Qb8 24.axb6 axb6 25.Qxb6 Qxb6 26.Bxb6 Re8 27.c7 e6 28.Bb7 Bxb2 29.Rb1 Bc3
30.Rb3 Be5 31.Bxc8 Rxc8 32.f4 Bf6 33.Ba5 Bd4+ 34.Kg2 Ba7 35.Rb7  1-0

[Event "19th OIBM 2015"]
[Site "Bad Wiessee GER"]
[Date "2015.10.31"]
[Round "1.15"]
[White "Andersson,U"]
[Black "Kristofic,Mario"]
[Result "1-0"]
[WhiteElo "2510"]
[BlackElo "1951"]

1.Nf3 Nf6 2.c4 g6 3.g3 b6 4.Bg2 Bb7 5.O-O Bg7 6.d4 O-O 7.Nc3 d6 8.b3 c5 9.e3 Nbd7
10.Bb2 Ne4 11.Rc1 Nxc3 12.Bxc3 a5 13.Qe2 Nf6 14.Rfd1 Qc7 15.d5 Ne8 16.e4 Bxc3
17.Rxc3 f6 18.a4 Ng7 19.Bh3 Rae8 20.Qd2 Bc8 21.Bxc8 Qxc8 22.Rd3 Qg4 23.Re1 Qh3
24.Kh1 g5 25.Ng1 Qh5 26.Kg2 Qg6 27.Nh3 h6 28.f3 Rf7 29.Nf2 Ref8 30.Qd1 Ne8
31.Rd2 h5 32.Rh1 Ng7 33.Re2 h4 34.gxh4 gxh4+ 35.Kf1 Qh5 36.Qd3 Kh8 37.f4 Ne8
38.Rg1 Rg8 39.Rxg8+ Kxg8 40.Nh3 Rg7 41.Rg2 Rxg2 42.Kxg2 Ng7 43.Qf3 Qg6+ 44.Kf2 Kf8
45.f5 Qh6 46.Nf4 Ke8 47.Qg4 Kd7 48.Kf3 Kd8 49.Qxg7 Ke8  1-0

[Event "19th OIBM 2015"]
[Site "Bad Wiessee GER"]
[Date "2015.11.01"]
[Round "2.15"]
[White "Fischer,G1"]
[Black "Andersson,U"]
[Result "0-1"]
[WhiteElo "2096"]
[BlackElo "2510"]

1.Nf3 Nf6 2.b3 g6 3.Bb2 Bg7 4.g3 c5 5.Bg2 d5 6.O-O O-O 7.e3 Nc6 8.d4 cxd4
9.Nxd4 Nxd4 10.Bxd4 Qc7 11.Nd2 e5 12.Bb2 Bg4 13.Bf3 Bxf3 14.Nxf3 Rfe8 15.Rc1 Rad8
16.c4 d4 17.exd4 exd4 18.Qd3 Ne4 19.b4 Nc3 20.Rce1 Nxa2 21.Qb3 Nc3 22.Nxd4 Ne4
23.Rd1 a6 24.c5 h5 25.Nf3 Qc6 26.Bxg7 Kxg7 27.Rxd8 Rxd8 28.Re1 Re8 29.Qd3 Nf6
30.Rxe8 Qxe8 31.Qc3 Qe6 32.Ng5 Qf5 33.h4 Kg8 34.Qd4 Qb1+ 35.Kg2 Qf5 36.Qd8+ Kg7
37.Qd4 Qd5+ 38.Nf3 Qe4 39.Qc3 Qc6 40.Kg1 Kg8 41.Ne5 Qe4 42.c6 bxc6 43.Nxc6 Ng4
44.Qc5 Kh7 45.Nb8 Ne5 46.Nxa6 Nf3+ 47.Kf1 Nd2+ 48.Kg1 Qb1+ 49.Kh2 Nf3+ 50.Kg2 Ne1+
51.Kh2 Qe4 52.Nb8  0-1

[Event "19th OIBM 2015"]
[Site "Bad Wiessee GER"]
[Date "2015.11.02"]
[Round "3.15"]
[White "Andersson,U"]
[Black "Heimerdinger,J"]
[Result "1-0"]
[WhiteElo "2510"]
[BlackElo "2148"]

1.d4 Nf6 2.Nf3 g6 3.g3 Bg7 4.Bg2 O-O 5.O-O d6 6.Nc3 Nc6 7.d5 Na5 8.e4 c5
9.Re1 e6 10.Rb1 exd5 11.Nxd5 Nxd5 12.exd5 b5 13.b3 b4 14.Bg5 f6 15.Be3 Bf5
16.Qd2 Re8 17.a3 Rb8 18.Ra1 Be4 19.axb4 cxb4 20.Nd4 Bxg2 21.Kxg2 f5 22.Ne6 Rxe6
23.dxe6 Bxa1 24.Qd5 Qc7 25.Rxa1 Nc6 26.e7+ Kg7 27.Bd4+ Nxd4 28.Qxd4+ Kf7
29.e8=Q+ Kxe8 30.Rxa7 Rb7 31.Qh8+ Kd7 32.Qxh7+ Kc6 33.Rxb7 Kxb7 34.Qxc7+  1-0

[Event "19th OIBM 2015"]
[Site "Bad Wiessee GER"]
[Date "2015.11.03"]
[Round "4.14"]
[White "Bartsch,B"]
[Black "Andersson,U"]
[Result "0-1"]
[WhiteElo "2312"]
[BlackElo "2510"]

1.Nc3 d5 2.e4 dxe4 3.Nxe4 Nd7 4.d4 Ngf6 5.Ng3 e6 6.Nf3 c5 7.Be2 Be7 8.dxc5 Bxc5
9.O-O O-O 10.c3 b6 11.Ng5 Bb7 12.Bf3 Qc7 13.Bxb7 Qxb7 14.Qf3 Qxf3 15.Nxf3 Rfc8
16.Rd1 Bf8 17.Ne2 b5 18.b3 Nd5 19.Bb2 N7b6 20.Rac1 g6 21.Nfd4 a6 22.Rd3 Rc7
23.g3 Rac8 24.Rcd1 Nd7 25.Ra1 Bg7 26.f4 h5 27.Rf3 Nc5 28.Kg2 Ne4 29.Rc1 Nexc3
30.Rcxc3 Nxc3 31.Bxc3 Rxc3 32.Rxc3 Rxc3 33.Nxc3 Bxd4 34.Ne2 Bb2 35.Ng1 Kf8
36.Nf3 Ke7 37.Ng5 e5 38.Kf3 f6 39.Ne4 f5 40.Nc5 e4+ 41.Ke3 a5 42.a4 Ba3 43.Nb7 Bb4  0-1

[Event "19th OIBM 2015"]
[Site "Bad Wiessee GER"]
[Date "2015.11.05"]
[Round "6.3"]
[White "Postny,E"]
[Black "Andersson,U"]
[Result "1-0"]
[WhiteElo "2658"]
[BlackElo "2510"]

1.d4 Nf6 2.c4 e6 3.Nf3 Bb4+ 4.Nbd2 b6 5.a3 Bxd2+ 6.Qxd2 O-O 7.e3 Bb7 8.Be2 d6
9.O-O Nbd7 10.b3 Qe7 11.Bb2 c5 12.Rfd1 Rfd8 13.Rac1 Rac8 14.a4 a5 15.Qc2 Be4
16.Qc3 Nf8 17.Nd2 Bb7 18.Nf1 Ng6 19.Ng3 e5 20.Bd3 Re8 21.Bf5 Rcd8 22.f3 Nh4
23.Bc2 Qc7 24.Rf1 Rd7 25.Rcd1 Rde7 26.Rf2 Bc6 27.Qd2 Qc8 28.Rdf1 Bb7 29.Bb1 Qc7
30.Qc2 Ng6 31.Nf5 Rd7 32.d5 Bc8 33.f4 Ng4 34.Rf3 Rdd8 35.Rg3 Bxf5 36.Qxf5 Nh6
37.Qh3 exf4 38.exf4 Re2 39.Bc3 f5 40.Bxf5 Nxf5 41.Qxf5 Rde8 42.Qd3 Qe7 43.f5 Re3
44.Rxe3 Qxe3+ 45.Qxe3 Rxe3 46.fxg6  1-0

[Event "19th OIBM 2015"]
[Site "Bad Wiessee GER"]
[Date "2015.11.07"]
[Round "8.11"]
[White "Schultz,A"]
[Black "Andersson,U"]
[Result "0-1"]
[WhiteElo "2234"]
[BlackElo "2510"]

1.d4 Nf6 2.c4 e6 3.Nc3 Bb4 4.e3 c5 5.Bd3 d5 6.Nf3 O-O 7.O-O Nc6 8.a3 Bxc3
9.bxc3 dxc4 10.Bxc4 Qc7 11.Bb2 b6 12.Qe2 Bb7 13.Ba2 Rfd8 14.c4 Ne7 15.Ne5 Rac8
16.Rac1 Ng6 17.Ng4 Nxg4 18.Qxg4 cxd4 19.Bxd4 Qe7 20.Bb1 Ba6 21.Ba1 Qxa3 22.h4 Qxa1
23.Bxg6 Qe5 24.Bb1 g6 25.Qe2 Rc7 26.Rc2 h5 27.Rfc1 Kg7 28.Ra2 Bxc4  0-1

[Event "19th OIBM 2015"]
[Site "Bad Wiessee GER"]
[Date "2015.11.08"]
[Round "9.4"]
[White "Andersson,U"]
[Black "Alekseev,Evgeny"]
[Result "0-1"]
[WhiteElo "2510"]
[BlackElo "2642"]

1.Nf3 c5 2.c4 Nc6 3.d4 cxd4 4.Nxd4 Qb6 5.e3 g6 6.Nc3 Nf6 7.Be2 Bg7 8.O-O O-O
9.Nb3 d6 10.e4 Be6 11.Be3 Qd8 12.f3 Nd7 13.Qd2 a5 14.Rac1 a4 15.Nd4 Qa5 16.Rfd1 Rfc8
17.Nxe6 fxe6 18.f4 Nc5 19.Bg4 Kh8 20.e5 a3 21.bxa3 dxe5 22.Nb5 Qxd2 23.Rxd2 exf4
24.Bxf4 Rd8 25.Rcd1 Rxd2 26.Rxd2 h5 27.Be2 Kh7 28.Rd1 Bh6 29.Bxh6 Kxh6 30.Kf2 Kg5
31.Ke3 Kf6 32.h4 Ke5 33.Rg1 Na7 34.Nd4 Nc8 35.Nc2 Nd6 36.g4 hxg4 37.Rxg4 Nf5+
38.Kd2 Rd8+ 39.Ke1 Kf6 40.Nb4 Ra8 41.Nc2 e5 42.Kf2 e4 43.Rg1 Rd8 44.Rd1 Rxd1
45.Bxd1 Nxh4 46.Nd4 Nf5 47.Nb3 Nd3+ 48.Ke2 Ke5 49.a4 g5 50.Kd2 Nf4 51.c5  0-1

[Event "Malmo Open 2015"]
[Site "Malmo SWE"]
[Date "2015.12.19"]
[Round "2.2"]
[White "Fries Nielsen,NJ"]
[Black "Andersson,U"]
[Result "1/2-1/2"]
[WhiteElo "2309"]
[BlackElo "2512"]

1.d4 Nf6 2.Nf3 e6 3.Bf4 Bd6 4.Bxd6 cxd6 5.Nbd2 d5 6.c3 b6 7.e3 O-O 8.Bd3 Ba6
9.Bxa6 Nxa6 10.Qe2 Nc7 11.O-O Qc8 12.Rfe1 Qb7 13.Ne5  1/2-1/2

[Event "Malmo Open 2015"]
[Site "Malmo SWE"]
[Date "2015.12.19"]
[Round "4.9"]
[White "Andersson,U"]
[Black "Schou Moldt,T"]
[Result "1/2-1/2"]
[WhiteElo "2512"]
[BlackElo "2210"]

1.d4 d5 2.Nf3 Nf6 3.c4 c6 4.Qb3 dxc4 5.Qxc4 Bf5 6.g3 Nbd7 7.Bg2 h6 8.O-O e6
9.Nc3 Be7 10.e3 O-O 11.Qe2 Bh7 12.Rd1 Ne4 13.Bd2 Rc8 14.Rac1 Re8 15.Be1 Nxc3
16.Bxc3 Be4 17.Bf1 b5 18.Nd2 Bg6 19.a3 a5 20.Nb3 b4 21.axb4 axb4 22.Be1 Qb6
23.Qa6  1/2-1/2

[Event "TCh-SWE Superettan 2015-16"]
[Site "Sweden SWE"]
[Date "2016.02.27"]
[Round "6.2"]
[White "Andersson,U"]
[Black "Lindahl,E"]
[Result "1-0"]
[WhiteElo "2512"]
[BlackElo "2229"]

1.Nf3 Nf6 2.c4 c5 3.g3 b6 4.Bg2 Bb7 5.O-O e6 6.Nc3 Be7 7.d4 cxd4 8.Qxd4 a6
9.b3 d6 10.Ba3 O-O 11.Rfd1 Ne8 12.e4 Qc7 13.Qe3 Nd7 14.e5 Rd8 15.exd6 Bxd6
16.Bxd6 Nxd6 17.Qf4 Nf6 18.Rd3 Bxf3 19.Qxf3 b5 20.cxb5 Nxb5 21.Nxb5 axb5
22.a4 bxa4 23.bxa4 Qe5 24.Rad1 Nd5 25.Qe4 Qc7 26.Qe1 Ra8 27.Ra1 Ra5 28.Qd2 Rd8
29.Bf3 h6 30.h4 Qa7 31.Rd4 Ra8 32.h5 Qc5 33.Kg2 Qc6 34.Qd1 Rc8 35.Qb3 Qc3
36.Qd1 Qc2 37.Qxc2 Rxc2 38.Be4 Rcc5 39.Rb1 f5 40.Bxd5 Rxd5 41.Rxd5 Rxd5 42.Ra1 Ra5
43.f4 Kf7 44.Kf3 Ke7 45.Ke3 Kd6 46.Kd4 e5+ 47.fxe5+ Rxe5 48.a5 Re4+ 49.Kd3 Kc7
50.a6 Kb8 51.Rb1+ Ka8 52.Rb6 g5 53.hxg6 Rg4 54.Ke3 Ka7 55.Rf6 h5 56.Kf3 Ka8
57.Rxf5 Rxg6 58.Rxh5 Rxa6 59.Rb5 Ra4 60.g4  1-0